000 01039nas a2200361 4500
001 BR0101793
003 BR-BrBNA
005 20231205102209.0
007 ta
008 230509b bl.|||p| |||| 00| 00por d
040 _aBR-BrBNA
_bpor
_cBiblioteca Nacional de Agricultura
041 _a(Pt)
072 _aQ04
100 1 _aCampos, G.
100 1 _aNappi, G.U.
100 1 _aBastos, M.
100 1 _aGomide, M. de F.
100 1 _aRibeiro-Cunha, M.R.
100 1 _aBatista, K.E.
100 1 _aModesta, R.C.D.
245 1 _aDeterminacao de acucares em mel floral e mel de melato de algumas regioes de Minas Gerais e de Santa Catarina
650 _aAbelha
650 _aMel
650 _aFloracao
650 _aAcucares
650 _aNutriente
650 _aValor Nutritivo
650 _aMinas Gerais
650 _aSanta Catarina
773 0 _tRevista do Instituto Adolfo Lutz (Brazil)
_xISSN 0073-9855
_g(1999), v. 58(2) p. 63-70
_wBR0101793
909 _a202311
_bLúcia
_c55
_dLúcia Elande
942 _2AGRIS
_n0
_cANA
999 _c166238
_d166238